Mikroštruktúrna analýza strednomangánových Q&P ocelí pomocou transmisnej elektrónovej mikroskopie
Na minha lista:
| Autor principal: | |
|---|---|
| Outros Autores: | |
| Formato: | Manuscrito Livro |
| Idioma: | eslovaco |
| Publicado em: |
2020
|
| Assuntos: | |
| Acesso em linha: | http://is.stuba.sk/zp/portal_zp.pl?podrobnosti=153613 |
| Tags: |
Sem tags, seja o primeiro a adicionar uma tag!
|
MARC
| LEADER | 00000ntm a22000003a 4500 | ||
|---|---|---|---|
| 001 | stuzp78543 | ||
| 003 | SK-STU | ||
| 005 | 20200704212204.2 | ||
| 007 | ta | ||
| 008 | 150427s2015----xo-----f-mn---000-0-slo-d | ||
| 040 | |a STU |b slo | ||
| 041 | 0 | |a slo | |
| 100 | 1 | |a Slnek, Dávid |u 061000 |k Z4 |4 aut |U MTF Materiálovotechnologická fakulta |T MTF Ústav materiálov |X 74802 |U M1000 |Y 81 |7 74802 | |
| 242 | 0 | 1 | |a Microstructural analysis of medium Mn Q&P steels using transmission electron microscopy |y eng |
| 245 | 1 | 0 | |a Mikroštruktúrna analýza strednomangánových Q&P ocelí pomocou transmisnej elektrónovej mikroskopie |
| 260 | |c 2020 | ||
| 650 | 4 | |a strednomangánová oceľ |2 slo | |
| 650 | 4 | |a mikroštruktúrna analýza |2 slo | |
| 650 | 4 | |a transmisná elektrónová mikroskopia |2 slo | |
| 650 | 4 | |a medium-manganese steels |2 eng | |
| 650 | 4 | |a transmission electron microscopy |2 eng | |
| 650 | 4 | |a microstructural analysis |2 eng | |
| 700 | 1 | |a Križan, Daniel |4 ths |X 108117 |7 108117 | |
| 856 | 4 | |u http://is.stuba.sk/zp/portal_zp.pl?podrobnosti=153613 | |
| 996 | |c M* DP-14415 |l MMSKP |s P |a 0 |w stuzp78543_0001 | ||